000 00599cam a22002173a 4500
001 5984
003 PGUSA
005 20140828083127.0
008 040928s2004||||xxu|||||s|||||000 | eng d
040 _aPGUSA
_beng
042 _adc
050 4 _aJL
245 1 4 _aThe British North America Act, 1867
_h[electronic resource] /
_cAnonymous
260 _bProject Gutenberg,
_c2004
506 _aPublic domain in the USA.
516 _aElectronic text
653 _aConstitutional law -- Canada
830 0 _aProject Gutenberg
_v5984
856 4 0 _uhttp://www.gutenberg.org/ebooks/5984
942 _cEB
999 _c235312
_d235312